00832cam a2200217 a 4500020003200000020003500032040000800067082002600075100002400101245011200125250001200237260004100249300004000290650001500330650003100345650002800376700002200404856006400426856005600490856006800546 a0072485558 (acidfree paper) a0071151052 (international ed.) cDLC00a004 HIL 2003 A006 Or.1 aWilliams, Brian K.,10aUsing information technology :ba practical introduction to computers & communications : complete version / a5th ed. aBoston :bMcGraw-Hill/Irwin,cc2003. axxix, 482 p. :bcol. ill. ;c28 cm. 0aComputers. 0aTelecommunication systems. 0aInformation technology.1 aSawyer, Stacey C.42uhttp://www.loc.gov/catdir/description/mh022/2002100742.html41uhttp://www.loc.gov/catdir/toc/mh021/2002100742.html42uhttp://www.loc.gov/catdir/enhancements/fy0737/2002100742-b.html